Ministry to the divorced: (Record no. 13768)
[ view plain ]
| 000 -LEADER | |
|---|---|
| fixed length control field | 00628nam a2200181Ia 4500 |
| 008 - FIXED-LENGTH DATA ELEMENTS--GENERAL INFORMATION | |
| fixed length control field | 200819s9999||||xx |||||||||||||| ||und|| |
| 020 ## - INTERNATIONAL STANDARD BOOK NUMBER | |
| International Standard Book Number | 0310200512 |
| 020 ## - INTERNATIONAL STANDARD BOOK NUMBER | |
| International Standard Book Number | 9780310200512 |
| 041 ## - LANGUAGE CODE | |
| Language code of text/sound track or separate title | eng |
| 050 ## - LIBRARY OF CONGRESS CALL NUMBER | |
| Classification number | BT707 |
| Item number | .R518 1986 |
| 100 ## - MAIN ENTRY--PERSONAL NAME | |
| Personal name | Richards, Sue Poorman |
| 245 #0 - TITLE STATEMENT | |
| Title | Ministry to the divorced: |
| Remainder of title | guidance, structure, and organization that promote healing in the church / |
| Statement of responsibility, etc. | Sue Poorman Richards, Stanley Hagemeyer |
| 260 ## - PUBLICATION, DISTRIBUTION, ETC. | |
| Place of publication, distribution, etc. | Grand Rapids, MI : |
| Name of publisher, distributor, etc. | Ministry Resources Library, |
| Date of publication, distribution, etc. | 1986 |
| 300 ## - PHYSICAL DESCRIPTION | |
| Extent | 109 p. |
| Other physical details | ; |
| Dimensions | 24 cm. |
| 650 ## - SUBJECT ADDED ENTRY--TOPICAL TERM | |
| Topical term or geographic name entry element | Church work with divorced people. |
| 700 ## - ADDED ENTRY--PERSONAL NAME | |
| Personal name | Hagemeyer, Stanley |
| Withdrawn status | Lost status | Damaged status | Not for loan | Home library | Current library | Shelving location | Date acquired | Total Checkouts | Full call number | Barcode | Date last seen | Price effective from | Koha item type |
|---|---|---|---|---|---|---|---|---|---|---|---|---|---|
| GETS Theological Seminary Library | GETS Theological Seminary Library | General Stacks | 08/19/2020 | BT707 .R518 1986 | 00003699 | 08/19/2020 | 08/19/2020 | English Books |